| 000 | 00484nam a22001937a 4500 | ||
|---|---|---|---|
| 005 | 20251108164404.0 | ||
| 008 | 250721s9999 xx 000 0 ara d | ||
| 082 | 1 | 4 | _a641.38/نوا |
| 100 | 1 | _aشاكر، نوال | |
| 245 | 1 | 0 | _aالعسل غذاء ... و دواء / |
| 264 | _c[19-]. | ||
| 300 | _a93ص | ||
| 650 | 1 | 7 | _aالعسل |
| 650 | 1 | 7 | _aنحل العسل |
| 650 | 1 | 7 | _aالحشرات النافعة |
| 650 | 1 | 7 | _aالرحيق |
| 942 |
_2ddc _cBK |
||
| 999 |
_c10951 _d10951 |
||